Datum a čas kvízu
35
Celkem bodů
Celkový počet nahraných bodů na tomto kvízu bez doplňovacích otázek.
8.
Pořadí na kvízu
Konečné umístění týmu na tomto kvízu.
Zaznamenané odpovědi
# | Otázka | Odpověď | Body | Výsledky |
---|---|---|---|---|
1. | Jak se jmenuje tato 26letá mod... | Veronika „Veve“ Přikrylová | 0 | |
2. | Příznivci alternativního divad... | C) automobily, autobusy a bagry | 1 | |
3. | Nejvyšší soud v Jižní Koreji m... | Baby Shark | 0 | |
4. | Vedení McDonald's v jedné zemi... | Japonsko; Pokémon | 0 | |
5. | 25letý švédský atlet překonal... | Armand Duplantis; skok o tyči | 0.5 | |
6. | Hned v první otázce se zaměřím... | 1A 2B 3C 4D | 1 | |
7. | Jedním ze specifik prezidentsk... | A | 0 | |
8. | Který z těchto výroků o prezid... | B | 1 | |
9. | NW Präsident byl v roce 1897 p... | Tatra, Kopřivnice | 1 | |
10. | Která zpěvačka nahrála skladbu... | Pink | 0 |